[Event "17th Aeroflot Open-A 2019"]
[Site "Moscow"]
[Date "2019.02.26"]
[Round "8.27"]
[White "Stupak, Kirill"]
[Black "Kobalia, Mikhail"]
[Result "0-1"]
[WhiteElo "2537"]
[BlackElo "2627"]
[Annotator "TA"]
[PlyCount "80"]
[EventDate "2019.02.19"]
[EventCountry "RUS"]
[SourceTitle "playchess.com"]
[Source "ChessBase"]
[SourceQuality "1"]

{[%evp 10,80,9,7,20,20,25,2,21,15,20,25,24,20,18,16,26,-12,4,10,15,15,19,0,0,0,0,-20,-8,-51,-55,-60,-48,-50,-58,-111,-103,-122,-126,-133,-129,-125,-133,-135,-125,-133,-127,-127,-124,-128,-131,-147,-151,-175,-178,-208,-206,-204,-201,-189,-181,-195,-214,-211,-216,-200,-172,-176,-165,-295,-293,-282,-235]} 1. d4 d5 2. Nf3 Nf6 3. c4 c6 4. Nc3 a6 5. a4 e6 6. Bg5 h6 {D15: Slav Defence: 4 Nc3 a6 and gambit lines after 4 Nc3 dxc4} 7. Bxf6 Qxf6 8. e3 Nd7 {The position is equal.} 9. a5 Bb4 $146 ({Predecessor:} 9... g5 10. Bd3 Bg7 11. O-O O-O 12. cxd5 exd5 13. h3 Qe6 14. e4 dxe4 15. Nxe4 {½-½ (98) Gagunashvili,M (2582)-Kobalia,M (2637) Rijeka 2010}) 10. Qb3 Bd6 11. Be2 O-O 12. O-O Qe7 13. e4 {[%cal Re4d5]} dxe4 14. Nxe4 Bc7 15. Rfe1 f5 16. Ned2 c5 17. Qa3 Qf6 18. dxc5 e5 {Threatening ...e4.} 19. Qc3 e4 {[#] aiming for ...Qxc3.} 20. Qxf6 Rxf6 21. Nd4 Nxc5 22. Nc2 (22. N2b3 $15 Nxb3 23. Nxb3) 22... Rd6 $36 {[%mdl 2048] Black is in control.} 23. Red1 {[#]} Be6 $1 24. Nb4 Kf8 25. Nd5 Bxd5 26. cxd5 Rxd5 27. Nc4 Rad8 28. Rxd5 Rxd5 29. Rd1 Nd3 30. b3 Bxa5 31. Ne3 Rc5 32. Bxd3 exd3 33. Rxd3 $19 {[%mdl 4096] Endgame KRB-KRN} f4 34. Nd1 Ke7 35. g3 Ke6 36. gxf4 Rd5 37. Re3+ Kf6 38. Nb2 Bd2 39. Re4 (39. Rf3 $142) 39... b5 40. Kg2 Bc1 {Accuracy: White = 53%, Black = 75%.} 0-1

[Event "17th Aeroflot Open-A 2019"]
[Site "Moscow"]
[Date "2019.02.26"]
[Round "8.28"]
[White "Gordievsky, Dmitry"]
[Black "Karthikeyan, Murali"]
[Result "0-1"]
[WhiteElo "2603"]
[BlackElo "2560"]
[Annotator "TA"]
[PlyCount "80"]
[EventDate "2019.02.19"]
[EventCountry "RUS"]
[SourceTitle "playchess.com"]
[Source "ChessBase"]
[SourceQuality "1"]

{[%evp 19,80,0,0,0,0,0,31,-4,-1,-15,-7,-5,-5,-6,6,-29,-29,-39,-36,-44,-27,-30,-39,-267,-176,-173,-184,-158,-172,-174,-154,-352,-348,-331,-347,-340,-339,-337,-327,-381,-380,-366,-357,-369,-362,-442,-441,-440,-453,-497,-499,-473,-398,-396,-386,-576,-547,-549,-574,-777,-746,-746,-608]} 1. Nf3 Nf6 2. c4 e6 3. b3 d5 4. Bb2 c5 5. e3 Nc6 6. cxd5 exd5 7. Bb5 Bd6 8. d4 {A13: English Opening: 1...e6} cxd4 9. Nxd4 O-O 10. O-O Bc7 {LiveBook: 15 Games} 11. Nc3 $146 ({Predecessor:} 11. Bxc6 bxc6 12. Qc2 c5 13. Nf3 Bd6 14. Nbd2 Bg4 15. h3 Bh5 16. Nh4 {½-½ (32) Malakhov,V (2691)-Bluebaum,M (2633) Brest 2018}) 11... Qd6 {[%csl Gc7][%cal Rd6h2]} 12. g3 Ba5 13. Be2 Bh3 14. Re1 $1 Rac8 15. Rc1 Rfd8 16. Nxc6 bxc6 17. Qd4 c5 18. Qh4 Qe6 19. Red1 {[#]} d4 $1 {[%mdl 512]} 20. Bc4 (20. exd4 cxd4) 20... Qf5 21. Nd5 $2 ({White has to play} 21. Bd3 $1 $15 Qg4 22. Ne2) 21... Rxd5 22. Bxd5 Nxd5 $40 {[%mdl 128] White is in trouble.} 23. e4 {[#]} Qd7 $1 {And now ...Nb4 would win.} 24. exd5 {[#]} Bg4 $1 25. Qg5 $2 (25. h3 $17 Bxd1 26. Rxd1) 25... h6 $19 26. Qf4 Bxd1 27. Rxd1 Qxd5 28. Bc1 Re8 29. h4 Re2 30. Qg4 Qe6 ({Not} 30... Rxa2 31. Bxh6 Qe5 32. Bf4 $17) 31. Qxe6 fxe6 {[%cal Bf7e6,Be6e5][%mdl 4128] Endgame KRB-KRB} ({Less strong is} 31... Rxe6 32. Bd2 $17) 32. a3 e5 33. Kf1 Rc2 34. Kg2 Kf7 35. b4 Bb6 36. bxc5 Bxc5 37. Kf3 (37. Bd2 {keeps fighting.} e4 38. Bb4) 37... Ke6 {Black is clearly winning.} 38. Bd2 Kd5 39. h5 Bxa3 40. Kg4 Bb2 {Precision: White = 48%, Black = 84%.} 0-1

[Event "17th Aeroflot Open-A 2019"]
[Site "Moscow"]
[Date "2019.02.26"]
[Round "8.29"]
[White "Sargsyan, Shant"]
[Black "Aravindh, Chithambaram VR."]
[Result "0-1"]
[WhiteElo "2488"]
[BlackElo "2601"]
[Annotator "TA"]
[PlyCount "48"]
[EventDate "2019.02.19"]
[EventCountry "RUS"]
[SourceTitle "playchess.com"]
[Source "ChessBase"]
[SourceQuality "1"]

{[%evp 15,48,-50,-46,-39,-46,-32,-40,-247,-224,-232,-229,-565,-557,-583,-512,-523,-529,-570,-561,-555,-551,-553,-542,-550,-530,-594,-590,-949,-934,-29987,-1004,-29995,-29996,-29996,-29997]} 1. d4 d5 2. Nf3 Nf6 3. c4 c6 4. Nc3 dxc4 5. a4 Bf5 6. Ne5 Na6 7. f3 Nd7 8. Nxc4 e5 $1 9. e4 {D17: Slav Defence: 5 a4 Bf5: Lines with 6 Nh4 and 6 Ne5} (9. dxe5 Qh4+ 10. g3 Qxc4 11. e4 Qc5 12. exf5 Qxe5+ 13. Kf2 Nb4 14. Bh3 O-O-O 15. f6 Qxf6 16. Ne4 Qg6 {0-1 (32) Adly,A (2637)-Mchedlishvili,M (2603) Riadh 2017}) 9... exd4 10. exf5 dxc3 11. Nd6+ $2 ({White should play} 11. bxc3 $15 Qf6 12. Qd4) 11... Bxd6 $1 $19 12. Qxd6 Qb6 $146 ({Predecessor:} 12... Qa5 13. Kf2 Qb6+ 14. Kg3 cxb2 15. Bxb2 O-O-O 16. Bxa6 Qxa6 17. Bxg7 Rhg8 18. f6 Qa5 19. Rhc1 Qg5+ 20. Kh3 Qf5+ 21. Kg3 Qxf6 {0-1 (21) De Rosa,F (1938)-Esposito,L (2209) Napoli 2015}) 13. Bxa6 $2 {[#]} (13. bxc3 O-O-O $19) (13. Bg5 f6 14. Qe6+ Kd8 15. Rd1) 13... O-O-O $1 ({Weaker is} 13... cxb2 14. Bxb2 Qxa6 15. Kf2 $17 (15. Bxg7 $2 Rg8 $19)) 14. Be2 {And now a5 would win.} Nc5 15. a5 Qb4 (15... Rxd6 $2 16. axb6 a6 17. bxc3 $18) 16. Ra4 {[#]} Nd3+ $1 {[%mdl 576] Promotion} 17. Qxd3 (17. Bxd3 Qxd6) 17... cxb2+ {[%mdl 64] Discovered Attack} 18. Rxb4 bxc1=Q+ 19. Kf2 Qc5+ {[%mdl 64] Double Attack} (19... Qxh1 $2 20. Qc3 $19) 20. Qe3 Qxb4 21. Qxa7 Rhe8 22. a6 Rxe2+ (22... Qh4+ $142 23. g3 {[#]} Rxe2+ $1 {[%mdl 512]} 24. Kf1 Qh3+ {[%mdl 64] Double Attack} 25. Kxe2 Qg2+ {[%mdl 64] Double Attack} 26. Ke1 Re8+ 27. Kd1 Qxh1+ 28. Kd2 Rd8+ 29. Qd4 Rxd4+ 30. Kc3 Qa1+ {[%mdl 64] Double Attack} 31. Kc2 Qa2+ 32. Kc1 Qc4+ 33. Kb2 Rd2+ {[%mdl 64] Double Attack} 34. Kb1 Qf1#) 23. Kxe2 Qb2+ 24. Ke1 Qe5+ {[%mdl 64] Double Attack} 0-1

[Event "17th Aeroflot Open-A 2019"]
[Site "Moscow"]
[Date "2019.02.26"]
[Round "8.30"]
[White "Iniyan, P."]
[Black "Donchenko, Alexander"]
[Result "1/2-1/2"]
[WhiteElo "2480"]
[BlackElo "2600"]
[Annotator "TA"]
[PlyCount "221"]
[EventDate "2019.02.19"]
[EventCountry "RUS"]
[SourceTitle "playchess.com"]
[Source "ChessBase"]
[SourceQuality "1"]

{[%evp 29,221,0,22,-14,-12,-19,-25,-30,-2,-2,-14,-2,-10,-11,0,-8,5,-7,-5,-75,-60,-53,-62,-66,-71,-131,-53,-56,-58,-50,-8,-11,-8,-9,-12,-41,-34,-48,-42,-37,-35,-175,-34,-33,-53,-58,-58,-96,-91,-160,-160,-160,-160,-160,-155,-155,-153,-120,-111,-102,-79,-129,-76,-76,-76,-76,-76,-76,-76,-76,-76,-76,-76,-76,-76,-76,-76,-80,-80,-87,-87,-87,-87,-87,-87,-87,-87,-87,-76,-95,-76,-76,-76,-76,-76,-76,-76,-83,-83,-83,-83,-83,-83,-83,-83,-331,-83,-165,-76,-83,-83,-83,-76,-83,-83,-83,-76,-76,-76,-83,0,-76,-76,-83,-76,-83,-76,-76,-76,-76,-76,-76,-76,-76,-76,-76,-76,-76,-76,-76,-76,-469,-76,-76,-76,-346,-76,-76,0,-331,-314,-447,-74,-197,-76,-76,-76,-76,-76,-76,-76,-76,-76,-76,-76,-578,-535,-511,-76,-76,-76,-76,-33,-76,-76,-76,-76,-76,0,-33,0,-76,-76,-76,-33,-65,-65,-76,-76,-76,-76,-76,-76,-76]} 1. d4 e6 2. c4 c5 3. d5 exd5 4. cxd5 g6 5. Nc3 d6 6. e4 Bg7 7. Bd3 Nf6 8. h3 O-O 9. Nf3 b5 10. Nxb5 Re8 11. O-O Nxe4 12. Re1 a6 13. Na3 Nf6 14. Rxe8+ Nxe8 15. Bg5 Nf6 {[#] LiveBook: 10 Games. A70: Modern Benoni: 6 e4 g6 7 Nf3} 16. Qa4 $146 ({Predecessor:} 16. Nc4 Bb7 17. Bc2 Qc7 18. Bxf6 Bxf6 19. Ba4 Nd7 20. Bxd7 Qxd7 21. Nb6 Qf5 22. Nxa8 Bxa8 23. Qe2 Bxd5 {1-0 (84) Karjakin,S (2721)-Gashimov,V (2730) Baku 2009}) 16... Bb7 17. Re1 Nbd7 {The position is equal.} 18. Nc4 Bxd5 19. Nxd6 Qb6 20. Nc4 Qb4 21. Qa5 Qb5 22. Qc3 h6 23. Bxf6 Bxf6 24. Nce5 {[#]} (24. Qc1 $11 {remains equal.}) 24... Nxe5 $1 $17 {[%mdl 512]} 25. Nxe5 {[#]} (25. Rxe5 Qb8) 25... c4 $1 {[%mdl 512]} 26. Bf1 (26. Bxc4 Bxe5) 26... Re8 27. f4 (27. Re3 $142) 27... Rb8 (27... g5 $1 $17 {[%cal Rg5f4]} 28. a4 Qxa4) 28. Re2 $15 Be6 29. Kh2 Qa4 30. Qg3 Bf5 31. Nxc4 Qxa2 ({Don't blunder} 31... Qxc4 $2 32. Re8+ $1 {[%mdl 512]} Rxe8 33. Bxc4 $18) 32. Ne3 Qa5 $36 {[%mdl 2048] Black is pushing.} 33. Nxf5 Qxf5 34. b3 Kg7 35. Rd2 {[#]} (35. Rf2 $15) 35... a5 ({Black should try} 35... Rxb3 $1 $19 {[%mdl 512]} 36. Qf2 (36. Qxb3 Qxf4+) 36... a5) 36. Bc4 a4 {[%cal Ba5a4,Ba4a3][%mdl 32]} 37. Rd5 Qc8 38. Qd3 a3 39. Rd7 (39. Ra5 $142) 39... Rb7 $1 $17 {[%cal Rb7d7]} 40. Rxb7 Qxb7 41. b4 Qxb4 42. Qd5 Qe7 43. g4 Bb2 44. Kg2 Qf6 45. f5 Bd4 ({Better is} 45... gxf5 46. Qxf5 Qe7) 46. Kf3 Bb6 {aiming for ...Qe7.} 47. Ke2 g5 48. Kd3 Qe7 49. Kc2 Bc7 50. Qd4+ Be5 51. Qd5 Qf6 52. Kd3 Ba1 53. Bb3 Qc3+ 54. Ke2 Qc7 55. Kd1 Bb2 56. Bc4 Be5 57. Bb3 Qe7 58. Bc4 Qf6 59. Kc2 {[#]} h5 $1 {[%mdl 512]} 60. Bb3 (60. gxh5 Qxf5+) 60... h4 61. Bc4 Qe7 62. Kd3 Qc7 63. Ke2 Kf6 64. Kd3 Ba1 65. Bb3 Qg3+ 66. Ke2 Qh2+ ({Don't play} 66... Qxh3 $6 67. Qxf7+ Ke5 68. Qc7+ Ke4 69. Qc4+ Ke5 70. Qd5+ Kf4 71. Qc4+ Kg3 72. Qc7+ Kxg4 73. Qc4+ Kh5 74. Qf7+ Kg4 75. Qc4+ Kh5 76. Qf7+ Kg4 77. Qc4+ $11) 67. Kd1 $2 (67. Ke1 $17 Qc7 68. Ke2) 67... Qc7 $2 (67... Qxh3 $19 68. Qxf7+ Ke5 69. Qc7+ Ke4 70. Qc4+ Kf3 71. Qe2+ Kg3 72. Qe1+ Kh2 73. Qe2+ Qg2) 68. Bc4 (68. Ke2 $17 {was necessary.}) 68... Kg7 (68... Qg3 $1 $19 69. Qxf7+ Ke5 70. Qe6+ Kf4) 69. Bb3 Bb2 70. Bc4 Kf8 71. Qa8+ Ke7 $1 72. Qd5 Kf6 73. Bb3 Be5 74. Bc4 Kg7 (74... Qd6 $17 75. Qxd6+ Bxd6) 75. Bb3 (75. Ke2 $1 $11) 75... Bf4 76. Qd4+ Kf8 77. Qd5 Qc1+ 78. Ke2 {[%csl Gb3][%cal Rd5f7]} Qb2+ 79. Kd1 {[%csl Gb3][%cal Rd5f7]} Qf6 80. Qa8+ Kg7 81. Qd5 Bd6 82. Ke2 Bb4 83. Bc4 Qb2+ 84. Kf3 Qc3+ 85. Ke2 $2 {[%mdl 8192]} (85. Ke4 $17 Qe1+ 86. Kd3 Qd2+ 87. Ke4 Qf4+ 88. Kd3) 85... Qe1+ $2 (85... Kh6 $1 $19 86. Bb3 f6) 86. Kf3 Qe7 87. Qe4 $2 {[%mdl 8192]} (87. Qd4+ $17 {was the only defense.} Kg8 88. Qd5) 87... Qf6 $2 (87... Qc7 $1 $19 {[%cal Rc7g3] has better winning chances.} 88. Qd4+ f6) 88. Qd5 Qe7 $2 {[%mdl 8192]} (88... Kg8 $17 89. Ke4 Bc3) 89. Qe4 $1 $19 {White hopes to continue with Qxe7.} Qc7 $1 {[%cal Rc7g3] And now ...Qg3+ would win.} 90. Qd5 (90. Qd4+ $142 Kh7 91. Ke4) 90... Bc5 $2 {[#]} (90... Kh6 $1 $19 {Strongly threatening ...Qf4+.} 91. Qd4 Bc3 $1 {[%mdl 512]}) 91. Ke2 (91. f6+ $1 $17 {[%mdl 512]} Kg6 (91... Kxf6 92. Qf5+) 92. Qe4+ Kh6 93. Bd3 Qg3+ 94. Ke2 Qe3+ 95. Qxe3 Bxe3 96. Bc4) 91... Kf8 (91... Qh2+ $19 92. Kd1 Qd6) 92. Kd1 Qe7 93. Bb3 Bb4 94. Bc4 Kg7 95. Qd4+ Kg8 96. Qd5 Kf8 97. Qa8+ $2 {[%mdl 8192]} (97. Qd4 $17 {stays breathing.} Kg8 98. f6 Qe1+ 99. Kc2) 97... Kg7 {( -> ...Qe1+)} 98. Qd5 Kh6 $2 (98... Qe1+ $19 {is more deadly.} 99. Kc2 Qc3+ 100. Kd1 Kh6) 99. Qd4 $17 {[%cal Rd4h8]} f6 100. Kc2 Ba5 {Hoping for ...Bb4.} 101. Be6 Bc7 102. Kb3 Bd6 {...Qb7+ is the strong threat.} 103. Qb6 Be5 (103... Kg7 $17) 104. Qb4 Bd6 105. Qb6 Kg7 106. Qc6 Bc5 107. Qc8 {Qg8+ would kill now.} Qf8 {Threatens to win with ...Qxc8.} 108. Qxf8+ Kxf8 {Black is better.} 109. Kc3 Ke7 110. Kd3 Kd6 111. Ke4 {Precision: White = 51%, Black = 44%.} 1/2-1/2

[Event "17th Aeroflot Open-A 2019"]
[Site "Moscow"]
[Date "2019.02.26"]
[Round "8.31"]
[White "Goganov, Aleksey"]
[Black "Puranik, Abhimanyu"]
[Result "1-0"]
[WhiteElo "2612"]
[BlackElo "2538"]
[Annotator "TA"]
[PlyCount "101"]
[EventDate "2019.02.19"]
[EventCountry "RUS"]
[SourceTitle "playchess.com"]
[Source "ChessBase"]
[SourceQuality "1"]

{[%evp 21,101,8,8,16,16,16,6,0,19,17,14,22,11,15,25,12,19,16,28,24,13,0,15,15,14,14,20,22,22,0,0,0,0,0,0,0,0,0,8,-224,-201,-216,-222,-225,-244,-233,-222,-198,108,-148,-118,-144,-139,-138,-142,-132,324,341,421,470,523,480,524,519,595,535,679,666,1102,1063,886,841,1537,1470,2118,1984,1377,1383,2371,2366,1766,1695]} 1. e4 e5 2. Nf3 Nc6 3. Bc4 Bc5 4. O-O Nf6 5. d3 d6 6. c3 a6 7. Bb3 h6 8. Nbd2 O-O 9. h3 Re8 10. Re1 Be6 11. Bc2 Ba7 12. Nf1 {C54: Giuoco Piano: 4 c3 Nf6, main lines with 5 d4 and 5 d3} d5 13. exd5 Qxd5 (13... Bxd5 14. Ng3 Qd6 15. Qe2 Rad8 16. Ne4 Qe6 17. b3 Ne7 18. Nh4 Bc6 19. Bd2 Nxe4 20. dxe4 {½-½ (72) Onischuk,V (2623)-Matlakov,M (2683) Bastia 2018}) 14. Ng3 {The position is equal.} Rad8 15. b4 b5 $146 ({Predecessor:} 15... Qd6 16. a4 Bc8 17. Qe2 Nd5 18. Ne4 Qe6 19. b5 Nce7 {½-½ (45) Valles Moreno,I (2435)-Moreno Ruiz,J (2460) Collado Villalba 2017}) 16. a4 Bb6 17. Bd2 Qd6 18. Qc1 Bc8 19. axb5 axb5 20. Ra8 Nd5 21. Re4 f5 22. Rxc8 fxe4 23. Nxe4 Qf8 24. Bb3 Kh8 $1 25. Bxh6 Rxc8 26. Bxd5 {Black must now prevent Nh4.} Ne7 27. Nxe5 gxh6 28. Nf7+ Kh7 29. Bb3 {[#] Hoping for Nf6+.} Rcd8 $1 30. d4 $2 (30. Nf6+ $11 Kg6 31. Nxe8 Rxe8 32. d4) (30. Nxd8 Rxd8) 30... Nd5 $1 $19 31. Bc2 Kg8 32. Nxh6+ Kh8 33. Qg5 Rd7 $1 34. Ng4 {Ne5 is the strong threat.} Re6 $2 {[#]} (34... Qg8 $1 $19 {[%cal Rg8g5]} 35. Qh6+ Rh7) 35. Ng3 $2 {[%mdl 8192]} (35. Qh5+ $1 $16 {is necessary to keep the advantage.} Kg7 36. Nc5 (36. Ne5 Rde7 $11) 36... Re1+ 37. Kh2 Qf4+ 38. g3) 35... Qf4 ({But not} 35... Nxc3 $2 36. Qh5+ Kg8 37. Bb3 $18) 36. Qh5+ Kg8 {Strongly threatening ...Qc1+.} 37. Bf5 Re1+ 38. Kh2 {[#]} Rg7 $2 {[%mdl 8192]} (38... Rde7 $1 $17 39. Qh4 Qd6) 39. Be4 $1 $18 {[%mdl 64] White wants to mate with Qe8+. Decoy} Rxe4 ({Not} 39... Nf6 40. Nxf6+ Qxf6 41. Qe8+ Qf8 42. Bd5+ Kh8 43. Qxf8+ Kh7 44. Nf5 Rh1+ 45. Kxh1) 40. Qxd5+ {[%mdl 64] Double Attack. White is clearly winning.} Kf8 {Threatens to win with ...Re2.} 41. Qxe4 Qxe4 42. Nxe4 {[%mdl 4096] Endgame KRB-KNN} c6 43. f4 Bc7 44. Ne5 Bxe5 45. dxe5 {KR-KN} Rd7 46. Nd6 Ra7 47. f5 Ra2 48. Kg3 Re2 49. Kf4 Rf2+ 50. Kg5 Ke7 51. g4 {Accuracy: White = 61%, Black = 43%.} 1-0

[Event "17th Aeroflot Open-A 2019"]
[Site "Moscow"]
[Date "2019.02.26"]
[Round "8.32"]
[White "Iturrizaga Bonelli, Eduardo"]
[Black "Karthik Venkataraman"]
[Result "1-0"]
[WhiteElo "2640"]
[BlackElo "2494"]
[Annotator "TA"]
[PlyCount "93"]
[EventDate "2019.02.19"]
[EventCountry "RUS"]
[SourceTitle "playchess.com"]
[Source "ChessBase"]
[SourceQuality "1"]

{[%evp 13,93,15,-1,1,17,8,42,30,33,39,35,41,33,33,43,35,28,27,34,33,38,34,31,28,55,55,54,55,52,30,35,26,26,26,66,76,90,90,90,87,87,87,87,87,117,117,118,119,114,112,122,118,123,123,122,122,116,120,123,116,120,116,124,103,159,103,338,338,343,339,410,327,316,301,434,353,29967,29967,29951,29952,29947,29957]} 1. c4 c5 2. g3 g6 3. Bg2 Bg7 4. Nc3 Nc6 5. Nf3 e6 6. d4 cxd4 7. Nb5 d5 8. cxd5 {A37: Symmetrical English vs ...g6: 4 Bg2 Bg7 5 Nf3} exd5 (8... Qa5+ 9. Nd2 exd5 10. Nd6+ Kf8 11. Nxc8 Rxc8 12. O-O Nge7 13. Nf3 h6 14. h4 Bf6 15. Bd2 Qb6 16. b4 Kg7 17. Rb1 {½-½ (40) Grischuk,A (2766)-So,W (2778) Paris 2018}) 9. Nfxd4 Nge7 10. O-O {White is slightly better.} O-O 11. Be3 Nf5 12. Nxf5 $1 Bxf5 13. Qxd5 $146 ({Predecessor:} 13. Nd4 Bg4 14. Re1 Qf6 15. h3 Bd7 16. Nb5 Bf5 17. Bc5 Qxb2 18. Bxf8 Qxa1 19. Qxa1 Bxa1 20. Rxa1 Kxf8 {0-1 (76) Khmelniker,I (2492)-Ravi,T (2357) Douglas 2018}) 13... Qxd5 14. Bxd5 Bxb2 15. Rad1 Be5 16. Bc5 Rfe8 17. f4 a6 18. e4 axb5 19. exf5 Bf6 20. fxg6 hxg6 21. g4 Ra4 22. Kh1 {aiming for Bb3.} Rd8 23. Bb6 $36 {[%mdl 2048] White has some pressure.} Rd7 24. g5 $1 {[%cal Rg5f6]} Bd4 25. Bb3 Ra6 26. Bc5 $1 {f5 is the strong threat.} Rd8 27. Bxd4 $1 Nxd4 {[#]} 28. f5 $1 {[%cal Rf5g6][%mdl 512] Threatens to win with fxg6.} gxf5 {[#]} (28... Nxf5 29. Rxd8+) 29. Rxf5 $1 {[%mdl 512]} Nxf5 30. Rxd8+ $16 {[%mdl 4096] Endgame KRB-KRN} Kg7 31. Rd5 Nd6 32. Kg2 f6 33. h4 fxg5 34. hxg5 Rc6 35. Kf3 Kg6 36. Kf4 Kg7 37. Kg4 b4 38. Kh5 Kh7 {[#]} ({Black should play} 38... b5 39. Rd4 Kh7 40. Rxb4 Rc1) 39. Rd4 (39. Re5 $142 $1 {[%cal Re5e7]} Rc7 40. Bd5) 39... Rb6 $2 {[#]} (39... b5 $16 40. Be6 (40. Rxb4 Rc1 $16) 40... Kg7 41. Rxb4 Rc1) 40. Rf4 $1 $18 Kg7 41. Rf6 Ra6 42. Bd5 Rb6 43. Re6 Kf8 (43... Ra6 {might work better.} 44. Rg6+ Kf8 45. Rf6+ Ke7 46. Re6+ Kf8 47. Bxb7 {[%mdl 64] Pin} Ra7) 44. Kg6 Nc8 $2 (44... Ra6 $18 45. Bxb7 {[%mdl 64] Pin} Ra7) 45. Rxb6 {White mates.} Nxb6 46. Be6 Ke7 47. Kf5 {Accuracy: White = 91%, Black = 43%.} 1-0

[Event "17th Aeroflot Open-A 2019"]
[Site "Moscow"]
[Date "2019.02.26"]
[Round "8.33"]
[White "Alekseenko, Kirill"]
[Black "Liu, Yan"]
[Result "1-0"]
[WhiteElo "2634"]
[BlackElo "2498"]
[Annotator "TA"]
[PlyCount "129"]
[EventDate "2019.02.19"]
[EventCountry "RUS"]
[SourceTitle "playchess.com"]
[Source "ChessBase"]
[SourceQuality "1"]

{[%evp 14,129,0,0,10,2,31,9,14,10,1,0,15,0,0,8,33,25,38,40,183,177,183,179,164,164,174,181,178,189,189,177,212,197,202,-162,208,206,207,69,210,203,203,203,203,203,203,203,215,202,211,206,279,296,285,293,277,272,237,225,235,246,225,227,220,211,337,330,354,309,358,301,345,325,325,220,256,225,613,571,501,416,427,349,599,518,1138,1139,1121,801,1129,1122,1050,872,1036,1023,915,876,677,670,791,724,1018,1018,29971,29973,29976,29977,29977,29978,29974,29974,29974,29975,29989,29990,29990,29991]} 1. e4 e5 2. Nf3 Nc6 3. Bb5 Nf6 4. d3 Bc5 5. O-O d6 6. Nbd2 {C65: Ruy Lopez: Berlin Defence (3...Nf6), unusual lines and 4 0-0 Bc5} O-O 7. Bxc6 bxc6 8. h3 {LiveBook: 19 Games. The position is equal.} Bb6 9. Re1 Nh5 $146 ({Predecessor:} 9... Nd7 10. a4 a5 11. Nc4 Ba6 12. Nxb6 cxb6 13. d4 c5 14. dxe5 dxe5 {1-0 (35) Karjakin,S (2782)-Anand,V (2759) Paris 2018}) 10. a4 a6 11. Nc4 Ba7 12. d4 exd4 13. Nxd4 Qh4 14. c3 Nf6 15. e5 Ne4 16. Be3 $36 {[%mdl 2048] White is pushing.} f5 (16... Bxd4 $14 17. cxd4 Be6) 17. Nf3 $18 Qe7 18. Bxa7 Rxa7 19. Nd4 {[%cal Bf3d4,Bd4c6,Bc6e7][%mdl 32]} dxe5 20. Nxc6 Qc5 21. N4xe5 Qxf2+ 22. Kh1 {White threatens Ne7+ and mate.} Be6 23. Rxe4 ({Much less strong is} 23. Nxa7 $6 Qxa7 24. Qd4 c5 $16) 23... fxe4 {[#]} 24. Ne7+ $1 Kh8 {aiming for ...Qf6.} 25. Qh5 {[%csl Ge7,Gh5][%cal Re5g6]} Bf7 26. N5g6+ $1 Bxg6 27. Nxg6+ Kg8 28. Nxf8 Qxf8 {[%mdl 4096] Endgame KQR-KQR} 29. Qd5+ Kh8 30. Qxe4 c5 31. Qc6 h6 32. Re1 Re7 33. Rxe7 Qxe7 34. Qxa6 {KQ-KQ} Qe1+ 35. Kh2 Qe5+ 36. g3 Qe4 37. Qc8+ Kh7 38. Qxc5 Qc2+ 39. Kg1 Qxb2 (39... Qc1+ {might work better.} 40. Kg2 Qxb2+ 41. Kf3 Qa1) 40. a5 Qc1+ 41. Kf2 Qd2+ 42. Kf3 Qd3+ 43. Kf4 Qf1+ 44. Ke4 {[#] Hoping for Qf5+.} Qg2+ 45. Kd4 Qxh3 $2 (45... Qd2+ 46. Kc4 Qa2+ 47. Kb5 Qb3+ 48. Kc6 Qe6+ 49. Kc7 Qf7+ 50. Kb6 Qb3+ 51. Qb5 Qe6+ 52. Qc6 Qe3+ 53. Kb5 Qe5+ 54. Qc5 Qe8+ 55. Kb4 Qe4+ 56. c4 Qb1+ 57. Ka4 Qa2+ 58. Kb5 Qb3+ 59. Qb4 Qxg3) 46. Qe5 Qd7+ 47. Kc5 Qa7+ 48. Kb4 Qb7+ 49. Ka3 Qb1 (49... Qf3 $142 50. a6 Qd3) 50. c4 {[%cal Bc3c4,Bc4c5][%mdl 32]} Qc1+ 51. Kb4 Qb1+ 52. Kc5 Qa2 53. Qc3 h5 54. Kd6 Qb1 55. c5 Qb8+ 56. Kd5 Qd8+ 57. Kc4 {Threatening mate with Qd3+.} h4 58. gxh4 {Qd3+ would kill now.} Qxh4+ 59. Kb5 {White mates.} Qd8 60. Qh3+ Kg8 61. Qe6+ Kh7 62. Qe4+ Kh6 63. a6 {[%cal Ba5a6,Ba6a7][%mdl 32]} g5 64. a7 Qd7+ 65. Qc6+ {Precision: White = 93%, Black = 50%.} 1-0